000 01018nam a2200229Ia 4500
001 L235-7444
003 IT-CnALBA
008 170116s9999||||xx |||||||||||||| ||und||
040 _aIT-CnALBA
_cIT-CnALBA
041 _aITALIANO
100 _aSENZA AUTORE
245 0 _aLA MADONNA AI SUOI SACERDOTI PREDILETTI.
250 _a5a ed.
260 _aMILANO
_bMOVIMENTO SAC. MAR. CENTRO INT.
_c1975 [1° Ed.:1973 - Ed.Ling.Originale: 1973]
300 _a184 p. (prefazione: 524)
500 _aLA MADONNA AI SACERDOTI PREDILETTI. DIARIO 1973 1975. MOVIMENTO SACERDOTALE MARIANO. MEMBRI. IMPEGNI. CRESCITA DEL MOVIMENTO. ATTI DI CONSACRAZIONE.
501 _aSocietà San Paolo EM - Piazza San Paolo, 14 - 12051 ALBA (CN) (non commercial uses only) ® Copyright 2017
520 _aLA MADONNA AI SACERDOTI PREDILETTI. DIARIO 1973 1975. MOVIMENTO SACERDOTALE MARIANO. MEMBRI. IMPEGNI. CRESCITA DEL MOVIMENTO. ATTI DI CONSACRAZIONE.
650 _aMARIA SS. ANGELI SANTI DEMONI
942 _cBK
957 _71
999 _a8420
_bNO
_g Copie: 1
_c266626
_d266626